[Event "Barnaul Kura Memorial"]
[Site "Barnaul"]
[Date "2023.02.25"]
[Round "3"]
[White "Panin, Mikhail"]
[Black "Guempel, Viktor"]
[Result "1-0"]
[WhiteElo "2135"]
[BlackElo "2057"]
[PlyCount "138"]
[EventDate "2023.02.25"]
[EventType "swiss (rapid)"]
[EventRounds "11"]
[EventCountry "RUS"]
[SourceTitle "CBM 213 Extra"]
[Source "ChessBase"]
[SourceDate "2023.05.31"]
[SourceVersion "1"]
[SourceVersionDate "2023.05.31"]
[SourceQuality "1"]

1. e4 e5 2. Nf3 Nc6 3. Bb5 a6 4. Ba4 Nf6 5. 0-0 Nxe4 6. d4 b5 7. Bb3 d5 8. dxe5 Be6 9. Qe2 Na5 10. c3 Nxb3 11. axb3 Be7 12. Rxa6 Rb8 13. b4 c5 14. Nbd2 cxb4 15. Nxe4 dxe4 16. Qxe4 0-0 17. Nd4 Qd5 18. Qxd5 Bxd5 19. cxb4 Bxb4 20. Be3 Rfe8 21. Nc6 Bxc6 22. Rxc6 Rbd8 23. Bc5 Bxc5 24. Rxc5 b4 25. Rb5 Rd4 26. Rc1 h6 27. g3 Re4 28. Rcc5 Ra8 29. Kg2 Rd8 30. Rc7 Rd2 31. Rb8+ Kh7 32. Rxf7 Rxb2 33. Rbb7 Rxe5 34. Rxg7+ Kh8 35. Rh7+ Kg8 36. Rxh6 Rf5 37. Rg6+ Kh8 38. Rc6 Rbxf2+ 39. Kh3 Rf7 40. Rxf7 Rxf7 41. Rb6 Rf2 42. Rxb4 Kh7 43. g4 Kg6 44. Kg3 Ra2 45. Rb6+ Kg7 46. h3 Ra3+ 47. Kh4 Rc3 48. g5 Kh7 49. Kg4 Ra3 50. h4 Ra1 51. Rb7+ Kg8 52. Kh5 Ra6 53. g6 Ra4 54. Kg5 Rc4 55. Rb8+ Kg7 56. Rb7+ Kh8 57. h5 Ra4 58. Kf6 Ra8 59. Ke7 Kg7 60. Ke6+ Kh8 61. Kf7 Rf8+ 62. Ke7 Ra8 63. Rd7 Kg7 64. Ke6+ Kh8 65. Kf7 Rf8+ 66. Ke7 Rf1 67. h6 Re1+ 68. Kf8 Rf1+ 69. Rf7 Rf4 1-0

[Event "Chigorin Memorial 29th"]
[Site "St Petersburg"]
[Date "2022.10.29"]
[Round "8"]
[White "Panin, Mikhail"]
[Black "Mukhin, Vladislav"]
[Result "1-0"]
[WhiteElo "2063"]
[BlackElo "1869"]
[PlyCount "39"]
[EventDate "2022.10.22"]
[EventType "swiss"]
[EventRounds "9"]
[EventCountry "RUS"]
[SourceTitle "EXT 2024"]
[Source "ChessBase"]
[SourceDate "2023.10.10"]
[SourceVersion "1"]
[SourceVersionDate "2023.10.10"]
[SourceQuality "1"]

1. d4 d5 2. c4 e6 3. Nf3 Nf6 4. Nc3 Be7 5. Bf4 0-0 6. e3 c5 7. dxc5 Bxc5 8. Qc2 dxc4 9. Bxc4 Nc6 10. a3 Nh5 11. Rd1 Qe7 12. 0-0 Nxf4 13. exf4 Bd7 14. Rfe1 h6 15. f5 e5 16. f6 gxf6 17. Qg6+ Kh8 18. Qxh6+ Kg8 19. Ne4 Bxf2+ 20. Kxf2 1-0

[Event "Chigorin Memorial 29th"]
[Site "St Petersburg"]
[Date "2022.10.27"]
[Round "6"]
[White "Panin, Mikhail"]
[Black "Rostovtsev, Dmitry"]
[Result "1/2-1/2"]
[WhiteElo "2063"]
[BlackElo "2329"]
[PlyCount "145"]
[EventDate "2022.10.22"]
[EventType "swiss"]
[EventRounds "9"]
[EventCountry "RUS"]
[SourceTitle "EXT 2024"]
[Source "ChessBase"]
[SourceDate "2023.10.10"]
[SourceVersion "1"]
[SourceVersionDate "2023.10.10"]
[SourceQuality "1"]

1. d4 Nf6 2. c4 e6 3. Nf3 b6 4. g3 Ba6 5. b3 Bb4+ 6. Bd2 Be7 7. Nc3 d5 8. cxd5 exd5 9. Bg2 0-0 10. 0-0 c5 11. Bf4 Nc6 12. dxc5 bxc5 13. Ne5 Nxe5 14. Bxe5 d4 15. Bxa8 Qxa8 16. Na4 Nd5 17. Rc1 f6 18. Bf4 Nxf4 19. gxf4 Qe4 20. Nxc5 Bxc5 21. Rxc5 Bxe2 22. Qc2 d3 23. Qc4+ Qxc4 24. Rxc4 Rd8 25. Rcc1 d2 26. Rcd1 Bf3 27. h3 Kf7 28. Kh2 Rd3 29. Rg1 Be2 30. f5 Ke7 31. Rg3 Rxg3 32. Rxd2 Rf3 33. Rxe2+ Kd7 34. Kg2 Rxf5 35. Re4 Ra5 36. a4 h5 37. Rb4 Kc6 38. Kg3 Rc5 39. f3 Rc3 40. Rb8 Kd6 41. Rb7 g5 42. Rxa7 Rxb3 43. Ra6+ Ke7 44. Ra7+ Ke6 45. Ra6+ Kf7 46. Ra5 h4+ 47. Kg2 Rb2+ 48. Kg1 Ra2 49. Ra8 Kg6 50. f4 gxf4 51. a5 Kf5 52. a6 Kg5 53. a7 Kf5 54. Kf1 f3 55. Rh8 Rxa7 56. Rxh4 Ra2 57. Kg1 Rg2+ 58. Kf1 Kg5 59. Ra4 Rh2 60. Kg1 Rb2 61. Kf1 Kf5 62. Rc4 Ke5 63. Ra4 f5 64. h4 f4 65. Ra8 f2 66. h5 Ke4 67. h6 Kf3 68. Ra3+ Kg4 69. h7 Rb1+ 70. Kxf2 Rh1 71. Kg2 Rxh7 72. Ra8 Rg7 73. Kf2 1/2-1/2

[Event "Cheliabinsk Panchenko Memorial op-A"]
[Site "Cheliabinsk"]
[Date "2020.09.12"]
[Round "6"]
[White "Panin, Mikhail"]
[Black "Naumkin, Igor"]
[Result "1/2-1/2"]
[WhiteElo "1971"]
[BlackElo "2365"]
[PlyCount "97"]
[EventDate "2020.09.07"]
[EventType "swiss"]
[EventRounds "9"]
[EventCountry "RUS"]
[SourceTitle "CBM 198 Extra"]
[Source "ChessBase"]
[SourceDate "2020.11.30"]
[SourceVersion "1"]
[SourceVersionDate "2020.11.30"]
[SourceQuality "1"]

1. e4 e5 2. Nf3 Nc6 3. Nc3 Nf6 4. Bb5 Bb4 5. 0-0 0-0 6. d3 Bxc3 7. bxc3 d6 8. Bg5 Qe7 9. Re1 Nd8 10. d4 Bg4 11. h3 Bh5 12. g4 Bg6 13. d5 c6 14. Bd3 Rc8 15. c4 h6 16. Bh4 b6 17. Nd2 Bh7 18. g5 Nd7 19. Nf3 f6 20. gxh6 g5 21. Bg3 Nf7 22. Nh2 cxd5 23. cxd5 Nc5 24. Ng4 Nxd3 25. Qxd3 Nh8 26. Ne3 Qd7 27. Kh2 f5 28. Nxf5 Bxf5 29. exf5 Qxf5 30. Qxf5 Rxf5 31. a4 Rxc2 32. a5 bxa5 33. Rxa5 Rc7 34. Ra6 Rd7 35. Rea1 Rff7 36. R1a4 Kh7 37. Rg4 Ng6 38. Rxg5 Ne7 39. Ra5 Nf5 40. Rg4 Nxh6 41. Rc4 Nf5 42. f4 Rb7 43. Ra2 Ne3 44. Re4 Rb3 45. Rf2 Kg6 46. fxe5 dxe5 47. Rxf7 Kxf7 48. Bxe5 Nxd5 49. Ra4 1/2-1/2

[Event "Cheliabinsk Panchenko Memorial op-A"]
[Site "Cheliabinsk"]
[Date "2020.09.11"]
[Round "5"]
[White "Ulybin, Mikhail"]
[Black "Panin, Mikhail"]
[Result "1-0"]
[WhiteElo "2469"]
[BlackElo "1971"]
[PlyCount "73"]
[EventDate "2020.09.07"]
[EventType "swiss"]
[EventRounds "9"]
[EventCountry "RUS"]
[SourceTitle "CBM 198 Extra"]
[Source "ChessBase"]
[SourceDate "2020.11.30"]
[SourceVersion "1"]
[SourceVersionDate "2020.11.30"]
[SourceQuality "1"]

1. e4 e5 2. Nf3 Nf6 3. Nxe5 d6 4. Nf3 Nxe4 5. d4 d5 6. Bd3 Bf5 7. 0-0 Be7 8. c4 dxc4 9. Bxc4 0-0 10. Re1 Nd7 11. Nc3 Nxc3 12. bxc3 Nb6 13. Bb3 c6 14. Ne5 Bd6 15. Qh5 Bxe5 16. Qxf5 Bf6 17. Ba3 Qd7 18. Qxd7 Nxd7 19. Bxf8 Kxf8 20. a4 Rd8 21. a5 h5 22. Kf1 h4 23. Ra4 c5 24. Ba2 Nb8 25. Rb1 Rd7 26. dxc5 Na6 27. Rc4 Rc7 28. c6 bxc6 29. h3 c5 30. Rb3 Rd7 31. Bb1 g6 32. Ke2 Kg7 33. Be4 Re7 34. Rb7 Re6 35. Rxa7 Bd8 36. Kd3 Bxa5 37. Bb7 1-0